000 00820cam a2200277 4500
001 M1446
008 090401t1993 xxu||||| |||| 00| 0 eng d
035 _a(Sirsi) u32062
041 _aeng
050 _a711.552
090 _aRICS 1993/74A
100 _aLewis, Clive
245 4 _aThe retail property industry: issues for the `90s.
260 _aLondon
_bRICS
_c1993
300 _a7 leaves ; 30cm.
350 _a0
520 _aSpeech at the British Council of Shopping Centres conference in Dublin, October 1993.
650 _aBRITISH COUNCIL OF SHOPPING CENTRES
650 _aRETAILING
650 _aSHOPPING CENTRES
650 _aSPEECHES
690 _aPROPERTY-COMMERCIAL PROPERTY-RETAIL PROPERTY
710 _aRoyal Institution of Chartered Surveyors
_94900
942 _n0
948 _c04/03/1997
999 _c89666
_d89666